Clinical neurology. / (Record no. 7918)

MARC details
000 -LEADER
fixed length control field 00911nam a22002417a 4500
003 - CONTROL NUMBER IDENTIFIER
control field OSt
005 - DATE AND TIME OF LATEST TRANSACTION
control field 20211105151150.0
008 - FIXED-LENGTH DATA ELEMENTS--GENERAL INFORMATION
fixed length control field 190801b xxu||||| |||| 00| 0 eng d
020 ## - INTERNATIONAL STANDARD BOOK NUMBER
International Standard Book Number 9780071546447
020 ## - INTERNATIONAL STANDARD BOOK NUMBER
International Standard Book Number 0071546448
040 ## - CATALOGING SOURCE
Transcribing agency LC
050 ## - LIBRARY OF CONGRESS CALL NUMBER
Classification number RC346.S59
100 ## - MAIN ENTRY--PERSONAL NAME
Fuller form of name Simon, Roger P
245 ## - TITLE STATEMENT
Title Clinical neurology. /
Statement of responsibility, etc. Roger R. Simon, David A. Greenberg, Michael J. Aminoff
250 ## - EDITION STATEMENT
Edition statement 7th ed.
260 ## - PUBLICATION, DISTRIBUTION, ETC.
Place of publication, distribution, etc. London:
Name of publisher, distributor, etc. Lange/McGaw-Hill,
Date of publication, distribution, etc. 2009.
300 ## - PHYSICAL DESCRIPTION
Extent vii, 408 p.:
Other physical details ill and diagrams;
500 ## - GENERAL NOTE
General note Index index.
505 ## - FORMATTED CONTENTS NOTE
Formatted contents note Contents: Disorders of cognitive function -- Headache & facial pain -- Disorders of equilibrium -- Disturbances of vision -- Motor defects -- Disorders of somatic sensation -- Movement disorders -- Seizures & syncope -- Stroke -- Coma -- Neurologic investigations --
700 ## - ADDED ENTRY--PERSONAL NAME
Fuller form of name Greenberg, David A.
700 ## - ADDED ENTRY--PERSONAL NAME
Fuller form of name Aminoff, Michael J.
942 ## - ADDED ENTRY ELEMENTS (KOHA)
Source of classification or shelving scheme Library of Congress Classification
Koha item type Books
Holdings
Withdrawn status Lost status Source of classification or shelving scheme Damaged status Not for loan Home library Current library Shelving location Date acquired Total Checkouts Full call number Barcode Date last seen Price effective from Koha item type
    Library of Congress Classification     WISCONSIN INTERNATIONAL UNIVERSITY COLLEGE, GHANA KUMASI LIBRARY WISCONSIN INTERNATIONAL UNIVERSITY COLLEGE, GHANA KUMASI LIBRARY General Stacks 06/08/2019   RC346.S59(7e) KSN/413/19 04/11/2021 04/11/2021 Books

If you have any concerns or questions; kindly contact the library


© Powered by WIUC ICT DIRECTORATE